Video kids making sense of nintendo

Wedi'i Gadw mewn:
Manylion Llyfryddiaeth
Prif Awdur: Provenzo, Eugene F.
Fformat: Llyfr
Iaith:Undetermined
Cyhoeddwyd: Cambridge Oxford Univ. Press 1991
Pynciau:
Tagiau: Ychwanegu Tag
Dim Tagiau, Byddwch y cyntaf i dagio'r cofnod hwn!
Thư viện lưu trữ: Trung tâm Học liệu Trường Đại học Cần Thơ
LEADER 00493nam a2200181Ia 4500
001 CTU_82964
008 210402s9999 xx 000 0 und d
082 |a 794.820 
082 |b P969 
100 |a Provenzo, Eugene F. 
245 0 |a Video kids making sense of nintendo 
245 0 |c Eugene F. Provenzo 
260 |a Cambridge 
260 |b Oxford Univ. Press 
260 |c 1991 
650 |a Video games 
904 |i QHieu(sửa) 
980 |a Trung tâm Học liệu Trường Đại học Cần Thơ